| 000 | 00535nam a2200181Ia 4500 | ||
|---|---|---|---|
| 008 | 120824t1959 xxu||||| |||| 00| 0 sin d | ||
| 041 | _asin | ||
| 080 |
_a8 S. 03 : 820 - 31 _bARA |
||
| 100 | _aKarunarathna,Thomas | ||
| 245 | _aඅරාබි නිශොල්ලාසය | ||
| 246 | _aArabi Nishollasaya | ||
| 260 |
_aWishwa Publishers _aColombo _c1959 |
||
| 300 | _b408p, 18 cm | ||
| 700 |
_aDe Silva,Bemthota Albet _etr.Rathnasiri Himi,Thalpawila |
||
| 942 | _cBK | ||
| 999 |
_c39416 _d39416 |
||
| 003 | LK-CoDNM | ||
| 040 |
_aLK-CoDNM _dLK-CoDNM _eLK-CoDNM |
||